000 00686cab a2200217 4500
001 WB3131-02
008 090401t1995 xxu||||| |||| 00| 0 eng d
035 _a(Sirsi) u51504
041 _aeng
245 _aGummer welcomes boost to construction earnings overseas
260 _c1995
350 _a0
490 _aDoE News Release
_v(409) 15 August 1995, (5)
520 _aComments on the DoE`s latest survey of overseas construction activity. New contracts last year totalled £3.8bn.
650 _aCONSTRUCTION EARNINGS
650 _aNEW CONSTRUCTION CONTRACTS
650 _aOVERSEAS CONSTRUCTION SURVEY
690 _aBUILT ENVIRONMENT
942 _n0
948 _c04/03/1997
999 _c31977
_d31977